000 00502nam a2200169 i 4500
001 141366
003 ES-MaACL
005 20230906200259.0
007 t|
008 070921s1950 sp ||||1| spa d
100 1 _aVillaronga, Luis.
_9115130
245 1 3 _aEl peregrino en la senda del sol /
_cLuis Villaronga.
260 _aSan Juan (Puerto Rico) :
_b[s.n.,
_c1950] (
_fImp. Venezuela)
300 _a96 p. ;
_c20 cm.
852 _aES-MaACL
_jD-6116
_bR.31349
852 _aES-MaACL
_jC-7870
_bR.35769
999 _c141366
_d141366